| 000 | 01443nam a22001697a 4500 | ||
|---|---|---|---|
| 003 | SGT | ||
| 020 | _a9780198757177 | ||
| 082 | _a546,WEL | ||
| 100 | _aWELLER,MARK | ||
| 245 | _aINORGANIC CHEMISTRY | ||
| 250 | _a6TH | ||
| 260 |
_aNEW DELHI _bOXFORD UNIVERSITY PRESS _c2015 |
||
| 300 | _a875 | ||
| 650 | _aINORGANIC CHEMISTRY | ||
| 653 | _aFOUNDATIONS CHAPTER 1: ATOMIC STRUCTURE CHAPTER 2: MOLECULAR STRUCTURE AND BONDING CHAPTER 3: THE STRUCTURES OF SIMPLE SOLIDS CHAPTER 4: ACIDS AND BASES CHAPTER 5: OXIDATION AND REDUCTION CHAPTER 6: MOLECULAR SYMMETRY CHAPTER 7: AN INTRODUCTION TO COORDINATION COMPOUNDS CHAPTER 8: PHYSICAL TECHNIQUES IN INORGANIC CHEMISTRY THE ELEMENTS AND THEIR COMPOUNDS CHAPTER 9: PERIODIC TRENDS CHAPTER 10: HYDROGEN CHAPTER 11: THE GROUP 1 ELEMENTS CHAPTER 12: THE GROUP 2 ELEMENTS CHAPTER 13: THE GROUP 13 ELEMENTS CHAPTER 14: THE GROUP 14 ELEMENTS CHAPTER 15: THE GROUP 15 ELEMENTS CHAPTER 16: THE GROUP 16 ELEMENTS CHAPTER 17: THE GROUP 17 ELEMENTS CHAPTER 18: THE GROUP 18 ELEMENTS CHAPTER 19: THE D-BLOCK ELEMENTS CHAPTER 20: D-METAL COMPLEXES: ELECTRONIC STRUCTURE AND PROPERTIES CHAPTER 21: COORDINATION CHEMISTRY: REACTIONS OF COMPLEXES CHAPTER 22: D-METAL ORGANOMETALLIC CHEMISTRY CHAPTER 23: THE F-BLOCK ELEMENTS FRONTIERS CHAPTER 24: MATERIALS CHEMISTRY AND NANOMATERIALS CHAPTER 25: CATALYSIS CHAPTER 26: BIOLOGICAL INORGANIC CHEMISTRY CHAPTER 27: INORGANIC CHEMISTRY IN MEDICINE | ||
| 942 |
_2ddc _cFPS |
||
| 999 |
_c9843 _d9843 |
||